| 000 | 00953nam a2200241 a 4500 | ||
|---|---|---|---|
| 001 | 000024264 | ||
| 005 | 20200930022847.0 | ||
| 008 | 110125s2001 mx r 000 | spa d | ||
| 020 | _a9685087334 | ||
| 040 |
_aDO-SdBNP _bspa _cBNPHU |
||
| 082 |
_a255.53 _bC733c |
||
| 245 | 0 | 0 |
_aCaracterísticas de la educación de la Compañía de Jesús / _cComisión Internacional para el Apostolado Educativo de la Compañía de Jesús. |
| 260 |
_aMéxico, D. F. : _bInstituto Tecnológico y de Estudios Superiores de Occidente (ITESO), _c2001. |
||
| 300 |
_a110 p. ; _a22 cm. |
||
| 490 | 1 |
_aPedagogía Ignaciana _v1 |
|
| 500 | _aIncluye notas al pie de páginas | ||
| 500 | _aIncluye apéndices | ||
| 650 | 4 |
_aJesuitas _949810 |
|
| 650 | 4 |
_aJesuita _xHistoria _949811 |
|
| 650 | 4 |
_aMisiones jesuiticas _949812 |
|
| 650 | 4 |
_aEducación _zAmérica Latina _918826 |
|
| 710 | 2 |
_aComisión Internacional para el Apostolado Educativo de la Compañía de Jesús. _949813 |
|
| 999 |
_c23758 _d23758 |
||